00671nam a2200169 a 450000100100000000500170001000800410002702000180006804000250008610000360011124500830014726000560023030000200028650000730030695201050037999900170048400004319820201002040720.0140224s2012 cu 000 0 spa d a9789592712010 aDO-SdBNPbspacBNPHU1 aPedro Pablo, Rodríguez97079113aUn caudillo útil, San Martín en José Martí /cPedro Pablo Rodríguez. aLa Habana :bCentro de Estudios Martinianos,c2012. a54 p. ;c19 cm. aIncluye referencias bibliográficas y notas al pie de las páginas 001050718MOaGRbGRcCTd2014-02-24iLF1l0o p43198-10r2020-06-25w2020-06-25y1ZNo se presta c42687d42687